Every business is a growth business : how your company can prosper year after year (Record no. 194266)

MARC details
000 -LEADER
fixed length control field 00486nam a2200157Ia 4500
008 - FIXED-LENGTH DATA ELEMENTS--GENERAL INFORMATION
fixed length control field 231217s9999 xx 000 0 und d
020 ## - INTERNATIONAL STANDARD BOOK NUMBER
International Standard Book Number 812933052
041 ## - LANGUAGE CODE
Language code of text/sound track or separate title English
082 ## - DEWEY DECIMAL CLASSIFICATION NUMBER
Classification number 658.406 CHA;1 R
100 ## - MAIN ENTRY--PERSONAL NAME
Personal name Charan, Ram. Tichy, Noel M.
245 #0 - TITLE STATEMENT
Title Every business is a growth business : how your company can prosper year after year
260 ## - PUBLICATION, DISTRIBUTION, ETC.
Date of publication, distribution, etc. 1998
Name of publisher, distributor, etc. Random House
Place of publication, distribution, etc. New York
300 ## - PHYSICAL DESCRIPTION
Extent ix, 342
650 ## - SUBJECT ADDED ENTRY--TOPICAL TERM
Topical term or geographic name entry element business,growth,business,company,can,prosper
942 ## - ADDED ENTRY ELEMENTS (KOHA)
Koha item type Books
Holdings
Date last seen Total checkouts Full call number Accession number Price effective from Category Public note Lost status Damaged status Department Withdrawn status Home library Current library Shelving location Entry date Grants Billdate Currency symbol Conversion rate Discount Old discount
26/01/2024   658.406 CHA;1 R 83354 26/01/2024 Books Donated By Education Library     Central Library   Central Library Central Library Central Library 22/01/2013 DONATED 22/02/2018 RS 1    
26/01/2024   658.406 CHA;2 R1 93495 26/01/2024 Books       Central Library   Central Library Central Library Central Library 31/05/2022 DONATED   RS 1    

© For any Suggestions or Query, please contact the library staff @ librarian@pes.edu or Phone: +9180 2672 1983/ 2108.